Red interlude in Kerala (Record no. 422084)

000 -LEADER
fixed length control field 00455cam a22001337a 4500
008 - FIXED-LENGTH DATA ELEMENTS--GENERAL INFORMATION
fixed length control field 180718b1959 xxu||||| |||| 00| 0 eng d
082 ## - DEWEY DECIMAL CLASSIFICATION NUMBER
Classification number B6x5453 P644
100 ## - MAIN ENTRY--PERSONAL NAME
Personal name Padmanabha Pillai, Kainikkara
245 ## - TITLE STATEMENT
Title Red interlude in Kerala
Statement of responsibility, etc. by Kainikkara Padmanabha Pillai
260 ## - PUBLICATION, DISTRIBUTION, ETC.
Place of publication, distribution, etc. Trivandrum
Name of publisher, distributor, etc. Kerla Pradesh Congress
Date of publication, distribution, etc. 1959
300 ## - PHYSICAL DESCRIPTION
Extent ii, 203p
650 ## - SUBJECT ADDED ENTRY--TOPICAL TERM
Topical term or geographic name entry element Kerala, India (State) --Politics and government.
650 ## - SUBJECT ADDED ENTRY--TOPICAL TERM
Topical term or geographic name entry element Communism --India --Kerala (State)
Holdings
Withdrawn status Lost status Damaged status Not for loan Permanent Location Current Location Date acquired Full call number Barcode Date last seen Price effective from Koha item type
        Indian Institute of Public Administration Indian Institute of Public Administration 2009-08-13 B6x5453 P644 21899 2018-07-21 2018-07-21 Book

Powered by Koha